[Event "AUTO-INT-2899"]
[Site "http://www.queenalice.com/game.php?id=1306801"]
[Date "2014.9.8"]
[Round "1"]
[White "Narizinho"]
[Black "gfreire"]
[Result "1-0"]
[WhiteElo "1485"]
[BlackElo "1552"]

1. e4 e5 2. Nf3 Nc6 3. Nc3 Nf6 4. Bb5 Bb4 5. O-O a6 6. Be2 d5 7. exd5 Nd4 8. Bd3
Bg4 9. a3 Bxc3 10. bxc3 Nxf3+ 11. gxf3 Bh3 12. Re1 Qxd5 13. c4 Qd4 14. Rb1 Qf4
15. c3 Qg5+ 16. Kh1 1-0

[Event "AUTO-INT-2899"]
[Site "http://www.queenalice.com/game.php?id=1306802"]
[Date "2014.9.8"]
[Round "1"]
[White "gfreire"]
[Black "ajr"]
[Result "0-1"]
[WhiteElo "1519"]
[BlackElo "1486"]

1. e4 e5 2. Bc4 Nf6 3. Qf3 a6 4. Nh3 h6 5. Nc3 b5 6. Bb3 c6 7. O-O Bb4 8. d3
Bxc3 9. bxc3 Qa5 10. Bb2 d6 11. c4 Bg4 0-1

[Event "AUTO-INT-2899"]
[Site "http://www.queenalice.com/game.php?id=1306803"]
[Date "2014.9.8"]
[Round "1"]
[White "ajr"]
[Black "gfreire"]
[Result "0-1"]
[WhiteElo "1559"]
[BlackElo "1641"]

1. Nf3 d5 2. h3 Nf6 3. d4 Nc6 4. Nc3 h6 5. e3 e6 6. a3 Be7 7. Bb5 Bd7 8. Bxc6
Bxc6 9. O-O O-O 10. Ne5 Qd6 0-1

[Event "AUTO-OPEN-3323"]
[Site "http://www.queenalice.com/game.php?id=1306875"]
[Date "2014.9.8"]
[Round "1"]
[White "gfreire"]
[Black "Alcar"]
[Result "0-1"]
[WhiteElo "1590"]
[BlackElo "1662"]

1. e4 e5 2. Nf3 Nc6 3. Bc4 Nf6 4. Ng5 d5 5. exd5 Nxd5 6. Qh5 g6 7. Qf3 Be6 8.
Nc3 Nd4 9. Qe4 c6 10. Qxe5 Qf6 11. Qxf6 Nxf6 12. Nxe6 Nxe6 13. Bxe6 fxe6 14. d4
Bb4 15. Bd2 Bxc3 16. Bxc3 O-O 17. O-O Ne4 18. Bb4 Rfd8 19. Rae1 Rxd4 20. Bc3
Nxc3 21. bxc3 Rd6 22. c4 Re8 23. c5 Rd5 24. Re2 Rxc5 25. Rfe1 Kf7 26. Re3 Rxc2
27. h3 Rxa2 28. Rf3+ Kg7 0-1

[Event "AUTO-OPEN-3323"]
[Site "http://www.queenalice.com/game.php?id=1306876"]
[Date "2014.9.8"]
[Round "1"]
[White "Alcar"]
[Black "gfreire"]
[Result "1-0"]
[WhiteElo "1648"]
[BlackElo "1604"]

1. e4 e5 2. Nf3 Bc5 3. Nc3 Nc6 4. Bb5 Nf6 5. Bxc6 bxc6 6. O-O d5 7. d3 Ng4 8. h3
Nf6 9. Bg5 dxe4 10. Nxe4 Bb6 11. Bxf6 gxf6 12. Nh4 f5 13. Nc3 Qxh4 14. Qf3 Rg8
15. Qxc6+ Ke7 16. Nd5+ Kf8 17. Nf6 Rg6 18. Qxa8 Qxh3 19. Qxc8+ Kg7 20. g3 f4 21.
Qxh3 Rxg3+ 22. Qxg3+ fxg3 23. Ne4 gxf2+ 24. Nxf2 f5 25. Kg2 Bd4 26. c3 Be3 27.
Rg1 Kh6 28. Rh1+ 1-0

[Event "Challenge"]
[Site "http://www.queenalice.com/game.php?id=1307258"]
[Date "2014.9.9"]
[Round "-"]
[White "gfreire"]
[Black "Capixaba789"]
[Result "0-1"]
[WhiteElo "1631"]
[BlackElo "1932"]

1. e4 Nc6 2. d4 d5 3. Nc3 e5 4. Nf3 dxe4 5. Nxe4 Nxd4 6. Nxd4 Qxd4 7. Qxd4 exd4
8. Bc4 Bf5 9. Ng5 Bg6 10. O-O Nf6 11. Re1+ Kd7 12. Bf4 Bd6 13. Bxd6 cxd6 14.
Bb5+ Kc7 15. Re7+ Kb6 16. a4 a5 17. Ra3 Bxc2 18. Rae3 dxe3 19. Rxe3 Rac8 20.
Nxf7 Bb3 21. h3 Rhf8 22. Nxd6 Rc1+ 23. Kh2 Bg8 24. Nc4+ Bxc4 25. Bxc4 Rxc4 26.
b3 Re4 27. Rxe4 Nxe4 28. f3 Nd2 29. Kg3 Nxb3 30. h4 Rf5 31. Kg4 Rc5 32. h5 h6
33. g3 Rc4+ 34. Kf5 Rc6 35. g4 Kc5 36. g5 hxg5 37. Kxg5 Kb4 38. f4 Kxa4 39. f5
Kb4 40. h6 gxh6+ 0-1

[Event "Challenge"]
[Site "http://www.queenalice.com/game.php?id=1307551"]
[Date "2014.9.11"]
[Round "-"]
[White "gfreire"]
[Black "mrd123"]
[Result "0-1"]
[WhiteElo "1642"]
[BlackElo "1750"]

1. e4 e5 2. Bc4 Nc6 3. Qh5 g6 4. Qf3 Nf6 5. Qb3 Qe7 6. Bxf7+ Qxf7 7. Nf3 Qxb3 8.
axb3 Nxe4 9. d3 Nf6 10. O-O d5 11. Re1 Bd6 12. c4 dxc4 13. bxc4 Be6 14. Ng5 Nd4
15. Be3 Nc2 16. Nxe6 Nxa1 17. Bg5 Nd7 18. Re3 Nc2 19. Ng7+ Kf7 20. Rf3+ Kxg7 21.
Bf6+ Nxf6 22. Nc3 Nd4 23. Rg3 e4 24. Nxe4 Ne2+ 25. Kf1 Bxg3 26. Nxf6 Kxf6 27.
hxg3 Nd4 28. b4 Rhe8 29. f4 Re7 30. g4 Rae8 31. Kg1 g5 32. g3 Re3 33. Kf2 Rxd3
34. Kg2 gxf4 35. gxf4 Re2+ 36. Kf1 Rd1# 0-1

[Event "AUTO-INT-2901"]
[Site "http://www.queenalice.com/game.php?id=1307898"]
[Date "2014.9.12"]
[Round "1"]
[White "dladuke7"]
[Black "gfreire"]
[Result "1-0"]
[WhiteElo "1651"]
[BlackElo "1637"]

1. e4 e5 2. Nf3 Nc6 3. Nc3 Nf6 4. Bc4 Bc5 5. h3 O-O 6. d3 d6 7. Bg5 Bb4 8. O-O
Na5 9. Nd5 Bc5 10. Bxf6 gxf6 11. Nh4 Bxh3 12. gxh3 Kh8 13. Qg4 f5 14. Qh5 Rg8+
15. Kh2 Nxc4 16. Nxf5 Qd7 17. Nf6 Qe6 18. Nxg8 Kxg8 19. Rg1+ Kh8 20. Qg5 Rg8 21.
Ng7 Rxg7 22. Qxg7# 1-0

[Event "AUTO-INT-2901"]
[Site "http://www.queenalice.com/game.php?id=1307899"]
[Date "2014.9.12"]
[Round "1"]
[White "gfreire"]
[Black "dladuke7"]
[Result "1-0"]
[WhiteElo "1619"]
[BlackElo "1669"]

1. e4 e5 2. Nf3 Nc6 3. Bc4 h6 4. Nxe5 Nxe5 5. Bb3 Nf6 6. d4 Nc6 7. d5 Na5 8. Nc3
Nxb3 9. axb3 Bb4 10. Bd2 Bxc3 11. Bxc3 Nxe4 12. Bxg7 Rg8 13. Bd4 Rxg2 14. Qe2
Qg5 15. Qxe4+ Kf8 16. Kd1 Rg1+ 17. Rxg1 Qxg1+ 18. Kd2 Qxa1 19. d6 c6 20. Qe7+
Kg8 21. Qe8+ Kh7 22. Qxf7# 1-0

[Event "AUTO-INT-2901"]
[Site "http://www.queenalice.com/game.php?id=1307910"]
[Date "2014.9.12"]
[Round "1"]
[White "daniel0176"]
[Black "gfreire"]
[Result "1-0"]
[WhiteElo "1717"]
[BlackElo "1595"]

1. e4 e5 2. Nf3 Nc6 3. d3 d5 4. exd5 Nd4 5. Be2 Qd6 6. O-O Qg6 7. Nxe5 Qf6 8.
Re1 Be7 9. Ng4 Qh4 10. c3 Bd6 11. cxd4 h5 12. g3 Qh3 13. Bf1+ Ne7 14. Bxh3 hxg4
15. Bxg4 O-O 16. Bxc8 Raxc8 17. Qb3 Nf5 18. Nc3 Nxd4 19. Qd1 Nf3+ 20. Qxf3 c6
21. dxc6 Rxc6 22. a3 Rfc8 23. Nd5 Bc5 24. b4 Bd4 25. Ne7+ Kf8 26. Rb1 Rc2 27.
Nxc8 Bxf2+ 28. Kf1 Bxe1 29. Kxe1 Rxc8 30. Qxb7 Re8+ 31. Kf1 Re7 32. Qb8+ Re8 33.
Qxa7 Re7 34. Qc5 1-0

[Event "AUTO-INT-2901"]
[Site "http://www.queenalice.com/game.php?id=1307911"]
[Date "2014.9.12"]
[Round "1"]
[White "gfreire"]
[Black "daniel0176"]
[Result "1-0"]
[WhiteElo "1623"]
[BlackElo "1684"]

1. e4 c5 2. Nf3 h6 3. Bc4 e6 4. Ne5 Qf6 5. Ng4 Qg6 6. Ne5 Qf6 7. Ng4 Qd8 8. d4
a6 9. d5 b5 10. Be2 exd5 11. exd5 d6 12. O-O Bxg4 13. Bxg4 Nf6 14. Re1+ Be7 15.
Nc3 O-O 16. Bh3 c4 17. b3 cxb3 18. cxb3 b4 19. Ne4 Nbd7 20. Nxf6+ Nxf6 21. Re2
a5 22. g3 a4 23. Qe1 Nxd5 24. Bb2 axb3 25. Rxe7 Nxe7 26. Qxb4 bxa2 27. Qg4 f6
28. Qe6+ Kh8 29. Bg2 Ra6 30. Bf1 Ra5 31. Re1 Ng6 32. Bd3 Ne5 33. Rxe5 dxe5 34.
Qf5 g6 35. Qxg6 Ra7 36. Qxh6+ Kg8 37. Bc4+ Rff7 38. Qg6+ Kf8 39. Ba3+ Rfe7 40.
Qg8# 1-0

[Event "AUTO-INT-2901"]
[Site "http://www.queenalice.com/game.php?id=1307916"]
[Date "2014.9.12"]
[Round "1"]
[White "FoxInSox"]
[Black "gfreire"]
[Result "0-1"]
[WhiteElo "1683"]
[BlackElo "1584"]

1. d4 d5 2. c4 Nf6 3. Qa4+ Bd7 4. Qb4 Nc6 5. Qxb7 Nxd4 6. Kd2 Ne4+ 7. Kd3 Nxf2+
8. Kxd4 e6 9. Be3 Nxh1 10. cxd5 Rb8 11. Qxa7 Rb4+ 12. Kd3 exd5 13. Bc5 Bb5+ 14.
Kd2 Rxb2+ 15. Kc1 Qf6 16. Bxf8 Rxf8 17. Qb8+ Ke7 18. Qxc7+ Ke8 19. Nc3 Rb4 20.
Nxb5 Qxa1+ 21. Kd2 Rxb5 22. Qc6+ Ke7 23. Qxb5 Qxf1 24. Qc5+ Ke8 25. Nf3 Qxg2 26.
Ne5 Qg5+ 27. Qe3 Qxe3+ 28. Kxe3 f6 29. Nc6 Kd7 30. Nb4 Re8+ 0-1

[Event "AUTO-INT-2901"]
[Site "http://www.queenalice.com/game.php?id=1307917"]
[Date "2014.9.12"]
[Round "1"]
[White "gfreire"]
[Black "FoxInSox"]
[Result "0-1"]
[WhiteElo "1625"]
[BlackElo "1684"]

1. e4 d5 2. Nc3 d4 3. Bc4 dxc3 4. bxc3 e5 5. Qh5 Qf6 6. Nf3 Be6 7. Bxe6 Qxe6 8.
Nxe5 g6 9. Qg5 f6 10. Qf4 fxe5 11. Qg5 Be7 12. Qe3 Nc6 13. d4 exd4 14. cxd4 Qc4
15. Qf3 Nxd4 16. Qg4 Qc3+ 17. Kd1 Qxa1 18. Re1 Qxa2 19. Be3 Qxc2# 0-1

[Event "Challenge"]
[Site "http://www.queenalice.com/game.php?id=1309234"]
[Date "2014.9.19"]
[Round "-"]
[White "gfreire"]
[Black "ThiagoSousa"]
[Result "0-1"]
[WhiteElo "1533"]
[BlackElo "1572"]

1. e4 c5 2. Nf3 Nc6 3. d4 Nxd4 4. Nxd4 cxd4 5. Qxd4 d6 6. Bc4 e5 7. Qd5 Qe7 8.
Bg5 Nf6 9. Bxf6 Qxf6 10. O-O Rb8 11. Nc3 Be6 12. Bb5+ Bd7 13. Bxd7+ Kxd7 14. Nb5
a6 15. Na7 Be7 16. Rfd1 Qe6 17. Qa5 Bd8 18. Qa4+ b5 19. Qb4 Rb7 20. Rd5 Rxa7 21.
Rad1 Bc7 22. g3 Rb8 23. f4 exf4 24. gxf4 Rb6 25. f5 Qf6 26. e5 Qg5+ 27. Kh1 Qe7
28. exd6 Bxd6 29. Qa5 Rc6 30. Qd2 Rb7 31. b3 g6 32. Qf2 Kc7 33. Re1 Qd7 34. fxg6
fxg6 35. Qf6 Rxc2 36. Re7 Qxe7 37. Qxe7+ Bxe7 38. a4 Rb2 39. Rd3 bxa4 40. Rc3+
Kb8 0-1

[Event "Challenge"]
[Site "http://www.queenalice.com/game.php?id=1313834"]
[Date "2014.10.9"]
[Round "-"]
[White "gfreire"]
[Black "pedro2009"]
[Result "0-1"]
[WhiteElo "1474"]
[BlackElo "1824"]

1. e4 e5 2. Nf3 Nc6 3. Bb5 a6 4. Bxc6 bxc6 5. Nxe5 Qf6 6. Nf3 Bd6 7. O-O Bb7 8.
Re1 Qh6 9. d4 Qh5 10. e5 Be7 0-1

[Event "Challenge"]
[Site "http://www.queenalice.com/game.php?id=1313836"]
[Date "2014.10.9"]
[Round "-"]
[White "gfreire"]
[Black "Rod_"]
[Result "0-1"]
[WhiteElo "1623"]
[BlackElo "1650"]

1. e4 e5 2. Nf3 d6 3. Bc4 h6 4. d4 exd4 5. Nxd4 Nc6 6. Nxc6 bxc6 7. Qf3 Qf6 8.
Qb3 Qg6 9. O-O d5 10. exd5 cxd5 0-1

[Event "Challenge"]
[Site "http://www.queenalice.com/game.php?id=1313850"]
[Date "2014.10.9"]
[Round "-"]
[White "gfreire"]
[Black "silverado"]
[Result "0-1"]
[WhiteElo "1630"]
[BlackElo "1861"]

1. e4 e5 2. Nf3 Nc6 3. Bb5 a6 4. Bxc6 dxc6 5. Nxe5 Qg5 6. Nf3 Qxg2 7. Rf1 Bg4 8.
Nh4 Qxf1+ 9. Kxf1 Bxd1 10. Nc3 Bxc2 11. d4 O-O-O 12. Be3 g6 13. e5 Be7 0-1

[Event "AUTO-OPEN-3354"]
[Site "http://www.queenalice.com/game.php?id=1314704"]
[Date "2014.10.12"]
[Round "1"]
[White "gfreire"]
[Black "Nille"]
[Result "0-1"]
[WhiteElo "1479"]
[BlackElo "1796"]

1. e4 e5 2. Nf3 d6 3. d4 exd4 4. Nxd4 h6 5. Bc4 Nf6 6. Qf3 c5 7. e5 cxd4 8. exf6
gxf6 9. Qh5 Qe7+ 10. Be2 Nc6 11. O-O Be6 0-1

[Event "AUTO-OPEN-3354"]
[Site "http://www.queenalice.com/game.php?id=1314705"]
[Date "2014.10.12"]
[Round "1"]
[White "Nille"]
[Black "gfreire"]
[Result "1-0"]
[WhiteElo "1792"]
[BlackElo "1483"]

1. e4 e5 2. Nf3 Nc6 3. Bc4 Bc5 4. d3 Nf6 5. Nc3 O-O 6. O-O a6 7. a3 Ng4 8. h3
Nf6 9. Be3 Bxe3 10. fxe3 Qe7 11. d4 d5 12. exd5 1-0